000 00319pab a2200145 454500
008 180718b1985 xxu||||| |||| 00| 0 eng d
100 _aGore, M.S.
245 _aNational goals and mass media
260 _c1985
300 _a43-9
362 _aOct.
650 _aMass Media
773 _aMainstream
909 _a13295
999 _c13295
_d13295